[Event "FRA-ch U18"]
[Site "Agen"]
[Date "2021.10.26"]
[Round "4"]
[White "Moracchini, Margaux"]
[Black "Courjal, Pauline"]
[Result "0-1"]
[WhiteElo "1917"]
[BlackElo "1822"]
[PlyCount "40"]
[EventDate "2021.10.22"]
[EventType "swiss"]
[EventRounds "9"]
[EventCountry "FRA"]
[SourceTitle "EXT 2023"]
[Source "ChessBase"]
[SourceDate "2022.10.05"]
[SourceVersion "1"]
[SourceVersionDate "2022.10.05"]
[SourceQuality "1"]

1. e4 e6 2. d4 d5 3. Nd2 h6 4. Ngf3 Nf6 5. Bd3 c5 6. exd5 exd5 7. dxc5 Bxc5 8. 0-0 0-0 9. Nb3 Bd6 10. h3 Nc6 11. c3 Bc7 12. Be3 Ne4 13. Nbd4 Re8 14. Qc2 Qf6 15. Nd2 Nxd4 16. Bxd4 Qf4 17. Nf3 Ng5 18. Ne5 Bxe5 19. Bxe5 Rxe5 20. g3 Qf3 0-1

[Event "FRA-ch Blitz Online Qual"]
[Site "Europe Echecs INT"]
[Date "2020.05.16"]
[Round "12"]
[White "Daurelle, Herve"]
[Black "Moracchini, Margaux"]
[Result "0-1"]
[WhiteElo "2205"]
[BlackElo "1933"]
[PlyCount "74"]
[EventDate "2020.05.16"]
[EventType "swiss (blitz)"]
[EventRounds "15"]
[EventCountry "FRA"]
[SourceTitle "CBM 196 Extra"]
[Source "ChessBase"]
[SourceDate "2020.07.31"]
[SourceVersion "1"]
[SourceVersionDate "2020.07.31"]
[SourceQuality "1"]

1. e4 c5 2. Nf3 d6 3. d4 cxd4 4. Nxd4 Nf6 5. Nc3 g6 6. Be3 Bg7 7. f3 a6 8. Bc4 b5 9. Bb3 Bb7 10. Qd2 h5 11. 0-0-0 Nbd7 12. h3 Rc8 13. g4 Ne5 14. g5 Nfd7 15. f4 Nc4 16. Bxc4 Rxc4 17. Rhf1 b4 18. Nd5 Qa5 19. Kb1 Nc5 20. Nb3 Nxb3 21. axb3 Rxe4 22. Bb6 Qxd5 23. Qxd5 Bxd5 24. Rxd5 0-0 25. f5 gxf5 26. Rdxf5 e6 27. Ra5 Rh4 28. Rh1 Ra8 29. Bf2 Rf4 30. Bg3 Rd4 31. Kc1 d5 32. Rd1 Re4 33. Rc5 Kh7 34. h4 Kg6 35. Be1 Ra7 36. Rc6 Be5 37. c3 Bf4+ 0-1

[Event "FRA-ch Blitz Online Qual"]
[Site "Europe Echecs INT"]
[Date "2020.05.16"]
[Round "2"]
[White "Luminais, Eric"]
[Black "Moracchini, Margaux"]
[Result "1-0"]
[WhiteElo "2161"]
[BlackElo "1933"]
[PlyCount "125"]
[EventDate "2020.05.16"]
[EventType "swiss (blitz)"]
[EventRounds "15"]
[EventCountry "FRA"]
[SourceTitle "CBM 196 Extra"]
[Source "ChessBase"]
[SourceDate "2020.07.31"]
[SourceVersion "1"]
[SourceVersionDate "2020.07.31"]
[SourceQuality "1"]

1. c4 Nf6 2. Nc3 g6 3. g3 Bg7 4. Bg2 0-0 5. d4 d6 6. e3 e5 7. Nge2 Nc6 8. 0-0 Bf5 9. a3 a5 10. b3 Qd7 11. Re1 Rfe8 12. Bb2 Rad8 13. Rc1 exd4 14. exd4 Ne4 15. Nd5 Ne7 16. f3 Ng5 17. Nef4 Nxd5 18. cxd5 Rxe1+ 19. Qxe1 b6 20. g4 Nxf3+ 21. Bxf3 Bxg4 22. Bxg4 Qxg4+ 23. Qg3 Qf5 24. Rxc7 Bh6 25. Ne2 Re8 26. Qg2 Qb1+ 27. Bc1 Be3+ 28. Kf1 Bxc1 29. Nxc1 Qf5+ 30. Qf2 Qh3+ 31. Kg1 Qg4+ 32. Kf1 Qd1+ 33. Kg2 Qg4+ 34. Qg3 Qe4+ 35. Qf3 Qxf3+ 36. Kxf3 Re1 37. Nd3 Ra1 38. Rb7 Rxa3 39. Rxb6 a4 40. Nc1 axb3 41. Nxb3 Kg7 42. Ke4 Ra2 43. Rxd6 Rxh2 44. Nc5 Rh4+ 45. Ke3 Rh3+ 46. Kf2 h5 47. Rd7 Rh2+ 48. Kg3 Rd2 49. d6 Kf6 50. Ne4+ Ke6 51. Re7+ Kd5 52. Nxd2 Kxd6 53. Rxf7 Kd5 54. Rg7 Kxd4 55. Rxg6 Kd3 56. Nf3 Ke4 57. Rh6 Kf5 58. Rxh5+ Kg6 59. Rb5 Kf6 60. Kf4 Kg6 61. Nd4 Kf6 62. Rb6+ Kg7 63. Kf5 1-0

[Event "FRA-ch Blitz Online Qual"]
[Site "Europe Echecs INT"]
[Date "2020.05.16"]
[Round "15"]
[White "Moracchini, Margaux"]
[Black "Bournel, Antoine"]
[Result "0-1"]
[WhiteElo "1933"]
[BlackElo "2238"]
[PlyCount "76"]
[EventDate "2020.05.16"]
[EventType "swiss (blitz)"]
[EventRounds "15"]
[EventCountry "FRA"]
[SourceTitle "CBM 196 Extra"]
[Source "ChessBase"]
[SourceDate "2020.07.31"]
[SourceVersion "1"]
[SourceVersionDate "2020.07.31"]
[SourceQuality "1"]

1. e4 g6 2. d4 Bg7 3. Nc3 a6 4. a4 b6 5. g3 Bb7 6. Bg2 d6 7. Nge2 c5 8. Be3 Nc6 9. 0-0 Nf6 10. h3 0-0 11. Qd2 cxd4 12. Nxd4 Ne5 13. b3 Rc8 14. f4 Ned7 15. Rad1 Qc7 16. Nde2 Nc5 17. Bd4 e5 18. Bxc5 Qxc5+ 19. Kh2 exf4 20. gxf4 Nh5 21. Nd5 Rfe8 22. c4 b5 23. axb5 axb5 24. Rc1 bxc4 25. Rxc4 Qa3 26. Rxc8 Bxc8 27. Rc1 Be6 28. Nc7 Rf8 29. Nxe6 fxe6 30. Rc6 Nxf4 31. Nxf4 Be5 32. Kg1 Bxf4 33. Qc2 Qa1+ 34. Bf1 Be3+ 35. Kh2 Qxf1 36. Qg2 Rf2 37. Rc8+ Kg7 38. Rc7+ Kh6 0-1

[Event "FRA-ch Blitz Online Qual"]
[Site "Europe Echecs INT"]
[Date "2020.05.16"]
[Round "11"]
[White "Moracchini, Margaux"]
[Black "Bulmaga, Irina"]
[Result "0-1"]
[WhiteElo "1933"]
[BlackElo "2440"]
[PlyCount "130"]
[EventDate "2020.05.16"]
[EventType "swiss (blitz)"]
[EventRounds "15"]
[EventCountry "FRA"]
[SourceTitle "CBM 196 Extra"]
[Source "ChessBase"]
[SourceDate "2020.07.31"]
[SourceVersion "1"]
[SourceVersionDate "2020.07.31"]
[SourceQuality "1"]

1. e4 Nf6 2. e5 Nd5 3. c4 Nb6 4. d4 d6 5. exd6 cxd6 6. Nc3 g6 7. Bd3 Bg7 8. Nge2 Bg4 9. Be3 d5 10. b3 0-0 11. 0-0 Nc6 12. h3 Bxe2 13. Nxe2 dxc4 14. bxc4 Nxd4 15. Nxd4 Bxd4 16. Bxd4 Qxd4 17. Rc1 Rac8 18. Qe2 e5 19. Rfd1 Qc5 20. Re1 Rfe8 21. Qe4 Rc7 22. Rb1 f5 23. Qh4 e4 24. Bf1 Nxc4 25. Rec1 b5 26. a4 a6 27. axb5 axb5 28. Qf6 Rc6 29. Qc3 Rec8 30. Qb3 e3 31. Bxc4+ bxc4 32. Qxe3 Qxe3 33. fxe3 Kf7 34. Rc3 Ke6 35. Kf2 Rd8 36. Rbc1 Rd2+ 37. Kf3 Kd5 38. g4 Rd3 39. gxf5 gxf5 40. Kf4 Rd2 41. Kxf5 Rf2+ 42. Kg4 Rg6+ 43. Kh5 Rc6 44. Kg4 Rg6+ 45. Kh5 Rf5+ 46. Kh4 Rc6 47. Kg4 Re5 48. Kf3 h5 49. Rd1+ Kc5 50. Rdc1 Kb4 51. Kf4 Ra5 52. e4 Rf6+ 53. Ke3 Rc6 54. Kd4 Rd6+ 55. Ke3 Rc5 56. h4 Rg6 57. Kf4 Rg4+ 58. Kf3 Rxh4 59. Kg3 Rg4+ 60. Kf3 Rh4 61. R1c2 Rh3+ 62. Kf4 Rxc3 63. Rxc3 Kxc3 64. e5 Rxe5 65. Kxe5 Kd3 0-1

[Event "FRA-ch Blitz Online Qual"]
[Site "Europe Echecs INT"]
[Date "2020.05.16"]
[Round "7"]
[White "Moracchini, Margaux"]
[Black "Roussel, Matthieu"]
[Result "1-0"]
[WhiteElo "1933"]
[BlackElo "1577"]
[PlyCount "143"]
[EventDate "2020.05.16"]
[EventType "swiss (blitz)"]
[EventRounds "15"]
[EventCountry "FRA"]
[SourceTitle "CBM 196 Extra"]
[Source "ChessBase"]
[SourceDate "2020.07.31"]
[SourceVersion "1"]
[SourceVersionDate "2020.07.31"]
[SourceQuality "1"]

1. e4 e5 2. Nf3 Nc6 3. d4 exd4 4. Nxd4 Qf6 5. c3 Bc5 6. Be3 Nge7 7. g3 d5 8. Bg2 dxe4 9. Nd2 Bxd4 10. cxd4 Bf5 11. Nxe4 Bxe4 12. Bxe4 0-0-0 13. Qb3 Qe6 14. Qxe6+ fxe6 15. Rd1 Nf5 16. Bxc6 bxc6 17. 0-0 Rd6 18. Rd3 Rhd8 19. Rfd1 c5 20. Ra3 cxd4 21. Bg5 Re8 22. Rxa7 Kb8 23. Ra5 Ne7 24. Bf4 Rd7 25. Rb5+ Kc8 26. a4 Nd5 27. Be5 Nb6 28. Rxd4 Rxd4 29. Bxd4 Nxa4 30. b3 c5 31. Bxc5 Nxc5 32. Rxc5+ Kb7 33. Kg2 Kb6 34. Rh5 h6 35. Kf3 Rf8+ 36. Ke3 Rf6 37. f4 Rf7 38. Ke4 Kc6 39. Re5 Kd6 40. Ra5 Rb7 41. Ra6+ Ke7 42. Ra3 Rb4+ 43. Kf3 Rb5 44. Kg4 Kf6 45. h4 h5+ 46. Kf3 g6 47. Ke3 Kf5 48. Kf3 Rc5 49. b4 Rb5 50. Rb3 e5 51. fxe5 Kxe5 52. g4 hxg4+ 53. Kxg4 Kf6 54. Rf3+ Kg7 55. Rf4 Kh6 56. Rc4 Kg7 57. Rc7+ Kh6 58. Rc4 Kg7 59. Rd4 Kh6 60. Kf4 Kh5 61. Kg3 Kh6 62. Rc4 Kg7 63. Kf3 Kh6 64. Ke3 Kh5 65. Rc5+ Rxc5 66. bxc5 g5 67. c6 gxh4 68. c7 Kg4 69. c8Q+ Kg3 70. Qg8+ Kh3 71. Qg5 Kh2 72. Qxh4+ 1-0

[Event "FRA-ch Blitz Online Qual"]
[Site "Europe Echecs INT"]
[Date "2020.05.16"]
[Round "14"]
[White "Schweitzer, Adrien"]
[Black "Moracchini, Margaux"]
[Result "1-0"]
[WhiteElo "2086"]
[BlackElo "1933"]
[PlyCount "47"]
[EventDate "2020.05.16"]
[EventType "swiss (blitz)"]
[EventRounds "15"]
[EventCountry "FRA"]
[SourceTitle "CBM 196 Extra"]
[Source "ChessBase"]
[SourceDate "2020.07.31"]
[SourceVersion "1"]
[SourceVersionDate "2020.07.31"]
[SourceQuality "1"]

1. d4 Nf6 2. c4 g6 3. Nc3 Bg7 4. e4 d6 5. Be2 0-0 6. Nf3 e5 7. 0-0 Nbd7 8. Re1 h6 9. a3 a5 10. b3 Re8 11. Bf1 exd4 12. Nxd4 Nc5 13. f3 Bd7 14. Bb2 Re7 15. b4 axb4 16. axb4 Rxa1 17. Bxa1 Na6 18. Qb3 Nxe4 19. Nxe4 c5 20. bxc5 dxc5 21. Nb5 f5 22. Bxg7 Kxg7 23. Qc3+ Kf8 24. Qh8+ 1-0